MARC

LEADER 00000nam0a2200000 4500
001 318879
005 20231102003125.0
035 |a (RuTPU)RU\TPU\book\344382 
090 |a 318879 
100 |a 20160510d1960 km y0rusy50 ca 
101 0 |a rus 
102 |a RU 
105 |a a z 001zy 
200 1 |a Конвективный и лучистый теплообмен  |f Академия наук СССР, Энергетический институт им. Г. М. Кржижановского 
210 |a Москва  |c Изд-во АН СССР  |d 1960 
215 |a 255 с.  |c ил. 
320 |a Библиография в конце статей 
606 1 |a Теплообмен лучистый  |x Физика  |2 stltpush  |3 (RuTPU)RU\TPU\subj\59767  |9 77266 
606 1 |a Теплообмен конвективный  |2 stltpush  |3 (RuTPU)RU\TPU\subj\59764  |9 77263 
610 1 |a пластины 
610 1 |a теплоотдача 
610 1 |a гидравлические сопротивления 
610 1 |a недогретая вода 
610 1 |a пузырчатое кипение 
610 1 |a жидкие металлы 
610 1 |a вязкость 
610 1 |a теплопроводность 
610 1 |a лучистый поток 
610 1 |a радиометрические приборы 
610 1 |a атомные реакторы 
610 1 |a тепловыделяющие элементы 
610 1 |a тепловое моделирование 
675 |a 536.3  |v 4 
675 |a 536.25  |v 4 
712 0 2 |a Академия наук СССР  |b Энергетический институт им. Г. М. Кржижановского  |c (Москва)  |c (1930-1961)  |2 stltpush  |3 (RuTPU)RU\TPU\col\14865  |9 26021 
801 1 |a RU  |b 63413507  |c 20160510 
801 2 |a RU  |b 63413507  |c 20200731  |g RCR 
942 |c BK